• 首页
  • 本馆介绍
  • 公告通知
  • 最新文献
  • 馆藏检索
  • 电子资源
  • 读者导购
  • 参考咨询
  • 我的图书馆
  • 登录
  • 详细信息显示
  • 放入我的书架
  • 预约/预借图书
  • 作者相关作品
  • 分类相关作品
  • 丛书相关作品
  • 出版社相关作品

书目信息

  • 表格格式
  • 工作单格式
  • 卡片格式
题名:
抗战外援
    
 
作者: 杨格 著 ;李雯雯 译
分册:  
出版信息: 成都   四川人民出版社  2019.08
页数: 522页
开本: 21cm
丛书名:
单 册:
中图分类:
科图分类:
主题词: 货币史--研究--中国--1937-1945 , 货币
电子资源:
ISBN: 978-7-220-11409-0
000 01268nam0 2200313 450
001 2355377084
005 20120618201005.33
010    @a978-7-220-11409-0@dCNY88.00
100    @a20190717d2019 em y0chiy50 ea
101 1  @achi@ceng
102    @aCN@b510000
105    @ay a 000yy
106    @ar
200 1  @a抗战外援@d= China and the helping hand@e1937-1945年的外国援助与中日货币战@f(美) 阿瑟·N.杨格著@g李雯雯译@zeng
210    @a成都@c四川人民出版社@d2019.08
215    @a522页@d21cm
314    @a阿瑟·N.杨格, 美国财政学家, 美国国务院工作人员。
320    @a有书目 (第484-522页)
330    @a本书是一本抗战时期货币金融的全景记录, 作者按照时间顺序讲述了1937-1945年间国民政府的财政状况, 真实记录了抗战时期国际社会对中国的金融援助, 以及穿插其间的中日货币战的情况, 作者站在政府财政顾问的角度, 理性分析了抗战时期中国政府经济政策存在的问题、取得的成就, 批判分析了战时中国接受的外国援助的进程以及得失。
500 10 @aChina and the helping hand@mChinese
517 1  @a1937-1945年的外国援助与中日货币战
606 0  @a货币史@x研究@y中国@z1937-1945
606 0  @a货币
690    @a@v5
690    @aF822.9@v4
701  1 @a杨格@g(Young, Arthur N.)@4著
702  0 @a李雯雯@4译
801  0 @aCN@b安徽时代出版发行有限公司@c20190717
905    @dF822.9@e106
    
    抗战外援= China and the helping hand:1937-1945年的外国援助与中日货币战/(美) 阿瑟·N.杨格著/李雯雯译.-成都:四川人民出版社,2019.08
    522页;21cm
    
    
    ISBN 978-7-220-11409-0:CNY88.00
    本书是一本抗战时期货币金融的全景记录, 作者按照时间顺序讲述了1937-1945年间国民政府的财政状况, 真实记录了抗战时期国际社会对中国的金融援助, 以及穿插其间的中日货币战的情况, 作者站在政府财政顾问的角度, 理性分析了抗战时期中国政府经济政策存在的问题、取得的成就, 批判分析了战时中国接受的外国援助的进程以及得失。
●
相关链接 在E读中查询图书 在五车中查询图书 在当当中查询图书 在豆瓣中查询图书


正题名:抗战外援     索取号:F822.9/106         预约/预借

序号 登录号 条形码 馆藏地/架位号 状态 备注
1 1412202   214122028   第一样本阅览室/ [索取号:F822.9/106] 在馆    
2 1412203   214122037   第一借阅区/ [索取号:F822.9/106] 在馆    
3 1412204   214122046   第一借阅区/ [索取号:F822.9/106] 在馆    
4 1412205   214122055   第一借阅区/ [索取号:F822.9/106] 在馆    
5 1412206   214122064   第一借阅区/ [索取号:F822.9/106] 在馆    
唐山师范学院图书馆 欢迎您!
大连网信软件有限公司© 版权所有